Logos de marques par lettre - L - Statistiques

Statistiques générales
  • Ce quiz a été pris 54 315 fois
  • Le résultat moyen est 14 sur 16
Statistiques - réponses
Par images Hint Réponse % Correct
Divertissement Lego
100%
Mode Lacoste
99%
Boisson Lipton
98%
Mode Levi's
97%
Supermarché Lidl
97%
Service La Poste
96%
Alimentaire Lays
96%
Mode Louis Vuitton
95%
Bricolage Leroy Merlin
93%
Technologie LG
91%
Soin Le Petit Marseillais
89%
Réseau social LinkedIn
89%
Sport Le Coq sportif
88%
Automobile Lamborghini
87%
Automobile Lexus
71%
Compagnie aérienne Lufthansa
49%
Aucun quiz correspondant
Distribution des résultats
% des personnes avec chaque résultat
Percentile par nombre de réponses
Votre historique - résultats
Vous n’avez pas pris ce quiz